Catálogo
 En Linea

En un abrir y cerrar de ojos / (Registro nro. 33576)

Detalles MARC
000 -CABECERA
campo de control de longitud fija 00490nam a2200169 a 4500
001 - NÚMERO DE CONTROL
campo de control 000034085
005 - FECHA Y HORA DE LA ÚLTIMA TRANSACCIÓN
campo de control 20200930070748.0
008 - DATOS DE LONGITUD FIJA--INFORMACIÓN GENERAL
campo de control de longitud fija 110923s2008 dr 000 0 spa d
020 ## - NÚMERO INTERNACIONAL ESTÁNDAR DEL LIBRO
Número Internacional Estándar del Libro 9789592602366
040 ## - FUENTE DE LA CATALOGACIÓN
Centro catalogador/agencia de origen DO-SdBNP
Lengua de catalogación spa
Centro/agencia transcriptor BNPHU
049 ## - FONDOS LOCALES (OCLC)
Fondos de biblioteca BNPD
100 1# - ENTRADA PRINCIPAL--NOMBRE DE PERSONA
Nombre de persona Hahn, Óscar
9 (RLIN) 59510
245 10 - MENCIÓN DE TÍTULO
Título En un abrir y cerrar de ojos /
Mención de responsabilidad, etc. Óscar Harhn.
260 ## - PUBLICACIÓN, DISTRIBUCIÓN, ETC.
Lugar de publicación, distribución, etc. La habana :
Nombre del editor, distribuidor, etc. Casa de las Américas :,
Fecha de publicación, distribución, etc. 2008.
300 ## - DESCRIPCIÓN FÍSICA
Extensión 45 p. ;
Dimensiones 23 cm.
586 ## - NOTA DE PREMIOS
Nota de premios Premio de poesía José Lezama Lima
Existencias
Estado de retiro Estado de pérdida No para préstamo Código de colección Localización permanente Ubicación/localización actual Ubicación en estantería Fecha de adquisición Número de inventario Total de préstamos Signatura topográfica completa Código de barras Fecha visto por última vez Precio válido a partir de Tipo de ítem Koha
    Excluido de préstamo Patrimonio Dominicano General General En catalogación 23.09.2011 LF1   34085-10 25.06.2020 25.06.2020 Libro y Folleto Colección Patrimonio Dominicano

Con tecnología Koha